书目信息 |
| 题名: |
法理学初阶
|
|
| 作者: | 付子堂 主编 | |
| 分册: | ||
| 出版信息: | 北京 法律出版社 2009.06 |
|
| 页数: | 313页 | |
| 开本: | 26cm | |
| 丛书名: | ||
| 单 册: | ||
| 中图分类: | D90 | |
| 科图分类: | ||
| 主题词: | 法的理论 , 法学 | |
| 电子资源: | ||
| ISBN: | 7-5036-9669-9 | |
| 000 | 00594nam0 2200217 450 | |
| 001 | 1160905413 | |
| 005 | 20111216160215.82 | |
| 010 | @a7-5036-9669-9@dCNY29.00 | |
| 100 | @a20100607d2009 km y0chiy0120 ea | |
| 101 | 0 | @achi |
| 102 | @aCN@b110000 | |
| 200 | 1 | @a法理学初阶@Afa li xue chu jie@f付子堂主编@Ffu zi tang zhu bian |
| 205 | @a3版 | |
| 210 | @a北京@c法律出版社@d2009.06 | |
| 215 | @a313页@d26cm | |
| 606 | 0 | @a法的理论 |
| 606 | 0 | @a法学 |
| 690 | @aD90@v4 | |
| 701 | 0 | @a付子堂@Afu zi tang@4主编 |
| 801 | 0 | @aCN@b大连网信软件有限公司图书馆·11@c20111216 |
| 905 | @aZUCC@dD90@eF8312=3 | |
| 法理学初阶/付子堂主编.-3版.-北京:法律出版社,2009.06 |
| 313页;26cm |
| ISBN 7-5036-9669-9:CNY29.00 |
| ● |
| 相关链接 |
|
|
|
正题名:法理学初阶
索取号:D90/F8312=3
 
预约/预借
| 序号 | 登录号 | 条形码 | 馆藏地/架位号 | 状态 | 备注 |
| 1 | 463301 | 204633012 | 社科库509/509社科库 79排9列6层/ [索取号:D90/F8312=3] | 在馆 | |
| 2 | 463302 | 204633021 | 社科库509/509社科库 80排1列1层/ [索取号:D90/F8312=3] | 在馆 | |
| 3 | 463303 | 204633030 | 社科库509/509社科库 79排9列6层/ [索取号:D90/F8312=3] | 在馆 | |
| 4 | 463304 | 204633049 | 社科库509/509社科库 80排1列1层/ [索取号:D90/F8312=3] | 在馆 | |
| 5 | 463305 | 204633058 | 社科库509/509社科库 80排1列1层/ [索取号:D90/F8312=3] | 在馆 | |
| 6 | 463306 | 204633067 | 社科库509/509社科库 79排9列6层/ [索取号:D90/F8312=3] | 在馆 | |
| 7 | 463307 | 204633076 | 社科库509/509社科库 79排9列6层/ [索取号:D90/F8312=3] | 在馆 | |
| 8 | 463308 | 204633085 | 社科库509/509社科库 79排9列6层/ [索取号:D90/F8312=3] | 在馆 | |
| 9 | 463309 | 204633094 | 社科库509/509社科库 79排9列6层/ [索取号:D90/F8312=3] | 在馆 | |
| 10 | 463310 | 204633101 | 社科库509/422社科库 41排3列1层/ [索取号:D90/F8312=3] | 在馆 | |
| 11 | 465257 | 204652571 | 社科库509/509社科库 79排9列6层/ [索取号:D90/F8312=3] | 在馆 | |
| 12 | 465258 | 204652580 | 社科库509/509社科库 79排9列6层/ [索取号:D90/F8312=3] | 在馆 | |
| 13 | 471437 | 204714372 | 社科库509/509社科库 80排1列1层/ [索取号:D90/F8312=3] | 在馆 | |
| 14 | 471438 | 204714381 | 社科库509/509社科库 79排9列6层/ [索取号:D90/F8312=3] | 在馆 | |
| 15 | 471439 | 204714390 | 社科库509/509社科库 79排9列6层/ [索取号:D90/F8312=3] | 在馆 | |
| 16 | 471440 | 204714407 | 社科库509/509社科库 79排9列6层/ [索取号:D90/F8312=3] | 在馆 | |
| 17 | 475474 | 204754747 | 社科库509/509社科库 79排9列6层/ [索取号:D90/F8312=3] | 在馆 | |
| 18 | 475475 | 204754756 | 社科库509/509社科库 80排1列1层/ [索取号:D90/F8312=3] | 在馆 | |
| 19 | 475476 | 204754765 | 社科库509/509社科库 79排9列6层/ [索取号:D90/F8312=3] | 在馆 | |
| 20 | 475477 | 204754774 | 社科库509/509社科库 80排1列1层/ [索取号:D90/F8312=3] | 在馆 | |
| 21 | 475478 | 204754783 | 社科库509/509社科库 80排1列1层/ [索取号:D90/F8312=3] | 在馆 | |
| 22 | 475479 | 204754792 | 社科库509/509社科库 80排1列1层/ [索取号:D90/F8312=3] | 在馆 |